El juego de los abalorios
Guardat en:
| Autor principal: | |
|---|---|
| Format: | Llibre |
| Idioma: | espanyol |
| Publicat: |
Santiago
Centro Gráfico
1990
|
| Matèries: | |
| Etiquetes: |
Afegir etiqueta
Sense etiquetes, Sigues el primer a etiquetar aquest registre!
|
MARC
| LEADER | 00000nam a2200000 a 4500 | ||
|---|---|---|---|
| 001 | UCO7003 | ||
| 003 | CL-VaPUC | ||
| 008 | 001103e19900000CL |||||||||||||||||spa|d | ||
| 082 | 0 | 4 | |a 833 |b HES |2 21 |
| 100 | |a Hesse, Hermann |e autor |9 546760 | ||
| 245 | 1 | 3 | |a El juego de los abalorios |
| 300 | |a 528 p | ||
| 942 | |c BK | ||
| 945 | |d 20001103 00:00:00 |a vberengu | ||
| 260 | |a Santiago |b Centro Gráfico |c 1990 | ||
| 650 | 0 | |a Literatura alemana |9 265457 | |
| 650 | 0 | |a Novelas alemanas |9 265783 | |
| 583 | |a last modification |c 20001103 00:00:00 |k Rodrigo Vera | ||
| 999 | |c 292232 |d 292230 | ||